000 00346 a2200145 4500
005 20250315093039.0
082 _a340.02 CHE
100 _aCHESHIRE, G. C.
245 _aThe Law of Contract
250 _a6th Ed.
260 _aLondon,
_bButterworths,
_c1964.
300 _aIxxvii, 575p.
_bIndex.
_c25cm.
700 _aFIFOOT, C.H.S.
942 _2ddc
_cBKS
999 _c701
_d701